Państwa leżące nad Morzem Bałtyckim - Statystyki

Ogólne statystyki
  • Ten quiz został rozwiązany 30 razy
  • Średni wynik to 8 z 9
Statystyki odpowiedzi
Państwo % Poprawnych
Polska
100%
Niemcy
97%
Szwecja
97%
Litwa
93%
Dania
90%
Finlandia
90%
Łotwa
90%
Estonia
87%
Rosja
87%
Nie znaleziono quizów pasujących do podanych kryteriów
Rozkład punktacji
Procent ludzi z każdym wynikiem
Percentyl według liczby udzielonych odpowiedzi
Twoja historia wyników
Nie rozwiązałeś tego quizu